00342 a2200133 4500003000400000005001700004008004100021040000900062082001800071245004500089250001200134260005200146300001000198OSt20240823115507.0240212b |||||||| |||| 00| 0 eng d coclc a892.71bFAR/T aThe legacy of Anti - colonial struggle / a1st ed. aFarook:bPG Teaching and Research Dept ,c2008. a157p.